Online
Catalog

Venezuela : (Record no. 12860)

MARC details
000 -CABECERA
campo de control de longitud fija 00890cam a2200229 a 4500
001 - NÚMERO DE CONTROL
campo de control 000013228
003 - IDENTIFICADOR DEL NÚMERO DE CONTROL
campo de control DO-SdBNP
005 - FECHA Y HORA DE LA ÚLTIMA TRANSACCIÓN
campo de control 20231109104551.0
008 - DATOS DE LONGITUD FIJA--INFORMACIÓN GENERAL
campo de control de longitud fija 840911s1966 sp a 001 0 spa
040 ## - FUENTE DE LA CATALOGACIÓN
Centro catalogador/agencia de origen DO-SdBNP
Lengua de catalogación spa
Centro/agencia transcriptor CarP
Centro/agencia modificador DLC
-- BNPHU
082 #4 - NÚMERO DE LA CLASIFICACIÓN DECIMAL DEWEY
Número de clasificación 330.987
Número de documento/Ítem A173v
Número de edición 22
100 1# - ENTRADA PRINCIPAL--NOMBRE DE PERSONA
Nombre de persona Acedo Mendoza, Carlos.
Fechas asociadas al nombre 1929-1990
9 (RLIN) 30366
245 10 - MENCIÓN DE TÍTULO
Título Venezuela :
Resto del título ruta y destino ; estudio sobre el desarrollo integral de Venezuela, enmarcado en el desarrollo continental de América Latina /
Mención de responsabilidad, etc. Carlos Acedo Mendoza ; prólogo Rafael Caldera.
260 ## - PUBLICACIÓN, DISTRIBUCIÓN, ETC.
Lugar de publicación, distribución, etc. Barcelona :
Nombre del editor, distribuidor, etc. Ariel,
Fecha de publicación, distribución, etc. 1966.
300 ## - DESCRIPCIÓN FÍSICA
Extensión v. ;
Dimensiones 22 cm.
504 ## - NOTA DE BIBLIOGRAFÍA, ETC.
Nota de bibliografía, etc. Incluye índice
651 #4 - PUNTO DE ACCESO ADICIONAL DE MATERIA--NOMBRE GEOGRÁFICO
Nombre geográfico Venezuela
Subdivisión general Condiciones económicas
Subdivisión cronológica 1918-1958
9 (RLIN) 30367
651 #4 - PUNTO DE ACCESO ADICIONAL DE MATERIA--NOMBRE GEOGRÁFICO
Nombre geográfico Venezuela
Subdivisión general Condiciones sociales
9 (RLIN) 26233
651 #4 - PUNTO DE ACCESO ADICIONAL DE MATERIA--NOMBRE GEOGRÁFICO
Nombre geográfico América Latina
Subdivisión general Condiciones económicas
9 (RLIN) 5778
700 1# - PUNTO DE ACCESO ADICIONAL--NOMBRE DE PERSONA
Nombre de persona Caldera, Rafael
Término indicativo de función/relación pról.
9 (RLIN) 20912
942 ## - ELEMENTOS DE PUNTO DE ACCESO ADICIONAL (KOHA)
Fuente del sistema de clasificación o colocación Dewey Decimal Classification
Tipo de ítem Koha Libro
Holdings
Estado de retiro Estado de pérdida Restricciones de uso No para préstamo Código de colección Localización permanente Ubicación/localización actual Ubicación en estantería Fecha de adquisición Número de inventario Total de préstamos Signatura topográfica completa Código de barras Fecha visto por última vez Precio válido a partir de Tipo de ítem Koha
    Préstamo interno   Monografías: Libros y Folletos General General En catalogación 20.11.2009 LF1   330.987 A173v 13228-10 25.06.2020 25.06.2020 Préstamo interno

Powered by Koha